000 00326nam a2200109Ia 4500
008 171211s9999 xx 000 0 und d
245 _aMediated Associations: Cinematic Dimensions of Social Theory
245 _cDaniel M. O'Connor
260 _c2002
650 _xcinema
856 _uhttp://down.ebook777.com/063/0773523979.pdf
999 _c348737
_d348737